[Event "NOR-ch Class4"]
[Site "Larvik"]
[Date "2019.07.10"]
[Round "6"]
[White "Skaansar, Lasse"]
[Black "Nordlov, Jorgen"]
[Result "0-1"]
[WhiteElo "1394"]
[BlackElo "1263"]
[PlyCount "64"]
[EventDate "2019.07.05"]
[EventType "swiss"]
[EventRounds "9"]
[EventCountry "NOR"]
[SourceTitle "EXT 2024"]
[Source "ChessBase"]
[SourceDate "2023.10.10"]
[SourceVersion "1"]
[SourceVersionDate "2023.10.10"]
[SourceQuality "1"]

1. Nf3 g6 2. d4 c5 3. c3 Nf6 4. Bd2 b5 5. Qc1 h6 6. h3 c4 7. a4 Qa5 8. Na3 a6 9. Qc2 Nc6 10. b3 cxb3 11. Qxb3 Ne4 12. Ne5 Nxe5 13. dxe5 Nxd2 14. Kxd2 bxa4 15. Qc4 Qxe5 16. Qxa4 Bg7 17. Nb5 axb5 18. Qxa8 Qxc3+ 19. Kd1 Qb3+ 20. Kd2 Bc3+ 21. Ke3 Bxa1+ 22. Kf4 Qc4+ 23. e4 Qc1+ 24. Kg3 Be5+ 25. Kf3 Qf4+ 26. Ke2 0-0 27. g3 Qc1 28. Bg2 Qc2+ 29. Ke3 d6 30. Qd5 b4 31. Rd1 Ba6 32. f4 Qe2# 0-1

[Event "NOR-ch Class4"]
[Site "Larvik"]
[Date "2019.07.05"]
[Round "1"]
[White "Vestby, Anniken"]
[Black "Skaansar, Lasse"]
[Result "0-1"]
[WhiteElo "1301"]
[BlackElo "1394"]
[PlyCount "108"]
[EventDate "2019.07.05"]
[EventType "swiss"]
[EventRounds "9"]
[EventCountry "NOR"]
[SourceTitle "EXT 2024"]
[Source "ChessBase"]
[SourceDate "2023.10.10"]
[SourceVersion "1"]
[SourceVersionDate "2023.10.10"]
[SourceQuality "1"]

1. e4 c6 2. d4 d5 3. e5 c5 4. Nf3 cxd4 5. Nxd4 g6 6. Nc3 a6 7. Bd3 Bg7 8. Nf3 Bg4 9. Bf4 Nc6 10. Be2 Bxf3 11. Bxf3 e6 12. 0-0 Qc7 13. Re1 Nge7 14. Rc1 Nxe5 15. a3 Nxf3+ 16. Qxf3 Qa5 17. Rb1 0-0 18. Bd6 Bxc3 19. Qxc3 Qd8 20. Be5 Rc8 21. Qd2 f6 22. Bd4 e5 23. Bc3 Nc6 24. b4 d4 25. Bb2 Ne7 26. Qd3 Nd5 27. Rbc1 Nc3 28. f3 Qd5 29. Ra1 Qc6 30. Rec1 Qb6 31. Kf1 a5 32. Bxc3 Rxc3 33. Qd2 axb4 34. axb4 Qxb4 35. Rab1 Qc4+ 36. Kf2 b5 37. Ra1 Rc8 38. Kg3 Rxc2 39. Rxc2 Qxc2 40. Qxc2 Rxc2 41. Ra8+ Kf7 42. Ra6 b4 43. Rb6 Rb2 44. Rb7+ Kg8 45. h4 d3 46. Rd7 d2 47. Kg4 d1Q 48. Rxd1 Rxg2+ 49. Kh3 Rb2 50. Rd7 b3 51. Rb7 Rb1 52. Kg2 b2 53. Kf2 Rh1 54. Rxb2 Rh2+ 0-1